000 00810nam a22002177a 4500
005 20180131155332.0
010 _aENG-122191
020 _a9789352533046
_c299.00
035 _aB-685925-945
035 _aEN-105723
037 _bAsian
_adpl
037 _bDBAD/PUB
082 _a540
100 _aMadan, R.L.
245 _aChemistry for degree students :
_cby R.L. Madan
_bphysical chemistry ! organic chemistry ! laboratory work (B.Sc. semester - II /
260 _aNew Delhi
_bS.Chand
_c2017
270 _a7361, Ram Nagar,
_bNew Delhi
_e110055
300 v _axii,427p.
_c23cm(pbk)
942 _2ddc
_cEN
_mMAD
_h540
999 _c145502
_d145502